Тенденции и перспективы развития естественно-научных исследований в современных условиях (Запись № 13668279)

Подробности
000 -МАРКЕР
контрольное поле 02973nam0a2200409 4500
001 - ИДЕНТИФИКАТОР ЗАПИСИ
контрольное поле RU\NLR\BIBL_A\022362549
005 - ИДЕНТИФИКАТОР ВЕРСИИ
контрольное поле 20260420020335.0
010 ## - МЕЖДУНАРОДНЫЙ СТАНДАРТНЫЙ НОМЕР КНИГИ (ISBN)
Номер (ISBN) 978-5-8307-0724-4
Тираж 100
021 ## - НОМЕР ГОСУДАРСТВЕННОЙ РЕГИСТРАЦИИ
Код страны Российская Федерация
Номер КН-П-24-054296
Номер Листа государственной регистраци КН-П-24-5411
035 ## - ДРУГИЕ СИСТЕМНЫЕ НОМЕРА
Идентификатор записи (NLR Aleph) 022362549
100 ## - ДАННЫЕ ОБЩЕЙ ОБРАБОТКИ
Данные общей обработки 20241024d2023 k y0rusy50 ca
101 0# - ЯЗЫК РЕСУРСА
Язык текста, звукозаписи и т.д. русский
Язык резюме английский
102 ## - СТРАНА ПУБЛИКАЦИИ ИЛИ ПРОИЗВОДСТВА
Страна публикации Российская Федерация
105 ## - ПОЛЕ КОДИРОВАННЫХ ДАННЫХ: ТЕКСТОВЫЕ МАТЕРИАЛЫ, МОНОГРАФИЧЕСКИЕ
Кодированные данные о монографическом текстовом документе a|||z|||110yy
181 #0 - ПОЛЕ КОДИРОВАННЫХ ДАННЫХ: ВИД СОДЕРЖАНИЯ
Код вида содержания (ISBD) i3
Код характеристики содержания (ISBD) axxe
182 #0 - ПОЛЕ КОДИРОВАННЫХ ДАННЫХ: ТИП СРЕДСТВА
Код типа средства (ISBD) n - непосредственное
200 1# - ЗАГЛАВИЕ И СВЕДЕНИЯ ОБ ОТВЕТСТВЕННОСТИ
Основное заглавие Тенденции и перспективы развития естественно-научных исследований в современных условиях
Сведения, относящиеся к заглавию материалы II Международной научно-практической конференции, посвященной 30-летнему юбилею естественно-географического факультета, 15 декабря 2023 г., г. Карачаевск
Первые сведения об ответственности Министерство науки и высшего образования Российской Федерации, Карачаево-Черкесский государственный университет имени У. Д. Алиева
Последующие сведения об ответственности редакционная коллегия: Чомаева М. Н. (ответственный редактор) [и др.]
203 ## - ВИД СОДЕРЖАНИЯ И ТИП СРЕДСТВА
Вид содержания Текст
Дополнительные сведения об издании визуальный
Тип средства непосредственный
210 ## - ПУБЛИКАЦИЯ, РАСПРОСТРАНЕНИЕ И ДР.
Место издания, распространения и т.д. Карачаевск
Имя издателя, распространителя и т. д. Изд-во Карачаево-Черкесского государственного университета имени У. Д. Алиева
Дата издания, распространения и т.д. 2023
215 ## - ФИЗИЧЕСКАЯ ХАРАКТЕРИСТИКА
Специфическое обозначение материала и объем 266 с.
Другие сведения о физической характеристике ил., табл.
Размеры 29
225 1# - СЕРИЯ
Основное заглавие серии Десятилетие науки и технологий, 22-31
300 ## - ОБЩИЕ ПРИМЕЧАНИЯ
Текст примечания Рез. англ.
320 ## - ПРИМЕЧАНИЯ О НАЛИЧИИ В ДОКУМЕНТЕ БИБЛИОГРАФИИ / УКАЗАТЕЛЯ
Текст примечания Библиогр. в конце ст.
606 1# - НАИМЕНОВАНИЕ ТЕМЫ КАК ПРЕДМЕТ
Наименование темы Естественно-научные исследования
Формальный подзаголовок Съезды, совещания и т.п
Системный номер авторитетной/нормативной записи 2226207
Идентификатор авторитетной/нормативной записи RU\NLR\AUTH\661336426
606 1# - НАИМЕНОВАНИЕ ТЕМЫ КАК ПРЕДМЕТ
Наименование темы Естественные науки
Формальный подзаголовок Съезды, совещания и т.п
Тематический подзаголовок Преподавание
Системный номер авторитетной/нормативной записи 2165070
Идентификатор авторитетной/нормативной записи RU\NLR\AUTH\661302764
686 1# - ИНДЕКСЫ ДРУГИХ КЛАССИФИКАЦИЙ
Индекс Ч426.23я431
686 1# - ИНДЕКСЫ ДРУГИХ КЛАССИФИКАЦИЙ
Индекс Б.я431(0)
686 1# - ИНДЕКСЫ ДРУГИХ КЛАССИФИКАЦИЙ
Индекс Ч486.23я431
702 #1 - ИМЯ ЛИЦА - ВТОРИЧНАЯ ОТВЕТСТВЕННОСТЬ
Начальный элемент ввода Чомаева
Часть имени, кроме начального элемента ввода М. Н.
Расширение инициалов личного имени Мадина Назировна
Код отношения Редактор
711 12 - НАИМЕНОВАНИЕ ОРГАНИЗАЦИИ - АЛЬТЕРНАТИВНАЯ ОТВЕТСТВЕННОСТЬ
Начальный элемент ввода "Тенденции и перспективы развития естественно-научных исследований в современных условиях", международная научно-практическая конференция
Порядковый номер временной организации и / или порядковый номер ее части 2
Место проведения временной организации Карачаевск
Дата проведения временной организации 2023
Системный номер авторитетной/нормативной записи 2643725
Идентификатор авторитетной/нормативной записи RU\NLR\AUTH\880617608
712 02 - НАИМЕНОВАНИЕ ОРГАНИЗАЦИИ - ВТОРИЧНАЯ ОТВЕТСТВЕННОСТЬ
Код отношения Издающая организация
Начальный элемент ввода Карачаево-Черкесский государственный университет им. У. Д. Алиева
Идентифицирующий признак Карачаевск
Системный номер авторитетной/нормативной записи 594102
Идентификатор авторитетной/нормативной записи RU\NLR\AUTH\8810047154
942 ## - ДОПОЛНИТЕЛЬНЫЕ ЭЛЕМЕНТЫ ЗАПИСИ (АБИС)
Тип экземпляра АБИС Книга
980 ## - КОЛЛЕКЦИЯ
Название коллекции Национальная библиография

Нет доступных экземпляров.